000 00930nam a2200205 i 4500
001 161048
003 ES-MaACL
005 20260201140950.0
008 041007s1839 sp |||| | spa d
080 _a338.43(460):63
100 1 _aOrense, Casimiro de.
_9130682
245 1 3 _aEl amigo del labrador :
_bproyecto agrónomo para la pública felicidad de España /
_cpor Don Casimiro de Orense.
260 _aMadrid :
_b[s.n.],
_c1839 (
_fImp. Calle del Humilladero)
300 _a22 p. ;
_c15 cm.
530 _aDisponible en formato digital.
650 4 _aAgricultura-
_zEspaña-
_yS.XIX
_99682
852 4 _aES-MaACL
_jT-24-F-4
_z- Enc. hol., falto de cub. original
_z- Enc. en un vol. facticio
_z- Enc. entre las p. 16-17 de la obra: Estatutos y reglamento de la Academia Literaria de Santiago
856 4 _uhttp://bdh-rd.bne.es/viewer.vm?id=0000075299&page=1
_zBiblioteca Digital Hispánica
999 _c161048
_d161048